Computer Architecture : from Microprocessors to Supercomputers / (Record no. 1051)

MARC details
000 -LEADER
Fixed length control field 00530nam a2200181 4500
003 - CONTROL NUMBER IDENTIFIER
Control field SEACOMMC
005 - DATE AND TIME OF LATEST TRANSACTION
Control field 20250501153612.0
008 - FIXED-LENGTH DATA ELEMENTS--GENERAL INFORMATION
Fixed length control field 250205b |||||||| |||| 00| 0 eng d
020 ## - INTERNATIONAL STANDARD BOOK NUMBER / ISBN
International Standard Book Number 978-0-19-568143-7
Price Rs.299.00
040 ## - CATALOGING SOURCE
Original cataloging agency SEACOMMC
082 ## - DEWEY DECIMAL CLASSIFICATION NUMBER
Classification number 004.22
Book Number P 229
100 ## - MAIN ENTRY--PERSONAL NAME
Personal name Parhami, Behrooz
245 1# - TITLE STATEMENT
Title Computer Architecture : from Microprocessors to Supercomputers /
Statement of responsibility Behrooz Parhami
250 ## - EDITION STATEMENT
Edition statement 2nd ed.
260 ## - IMPRINT
Place of publication New Delhi
Name of publisher OXford University Press
Date of publication 2007
650 ## - SUBJECT ADDED ENTRY--TOPICAL TERM
Topical term Computer Architecture
942 ## - ADDED ENTRY ELEMENTS (KOHA)
Koha item type Books
Holdings
Withdrawn status Lost status Source of classification Damaged status Not for loan Home library Current library Shelving location Date acquired Total Checkouts Call number Accession number Checked out Date last seen Date checked out Price effective from Koha item type Copy number
    Dewey Decimal Classification     SEACOM MANAGEMENT COLLEGE SEACOM MANAGEMENT COLLEGE Reference 05/02/2008 1 004.22 P 229 M-1895 20/11/2025 06/11/2025 06/11/2025 05/02/2025 Books  
    Dewey Decimal Classification     SEACOM MANAGEMENT COLLEGE SEACOM MANAGEMENT COLLEGE   05/02/2008   004.22 P 229 M-1896   05/02/2025   05/02/2025 Books 1
    Dewey Decimal Classification     SEACOM MANAGEMENT COLLEGE SEACOM MANAGEMENT COLLEGE   05/02/2008   004.22 P 229 M-1897   05/02/2025   05/02/2025 Books 2
    Dewey Decimal Classification     SEACOM MANAGEMENT COLLEGE SEACOM MANAGEMENT COLLEGE   05/02/2008   004.22 P 229 M-1898   05/02/2025   05/02/2025 Books 3
    Dewey Decimal Classification     SEACOM MANAGEMENT COLLEGE SEACOM MANAGEMENT COLLEGE   05/02/2008   004.22 P 229 M-1899   05/02/2025   05/02/2025 Books 4
© Seacom Engineering College, All rights reserved.    Powered by Koha